000 00715nam a2200205 a 4500
001 000018607
005 20200929165829.0
008 100512s2009 dr a 000 0 spa d
020 _a9789945002249
040 _aDO-SdBNP
_bspa
_cBNPHU
082 _axxx
_bA162a
100 1 _aAbreu, Fabio
_9649
245 1 0 _aAprendiendo a argumentar :
_bherramientas para analizar y redactar discursos argumentativos /
_cFabio Abreu.
260 _aSanto Domingo :
_bEditora HP,
_c2009.
300 _a214 P. :
_bil. ;
_c24 cm.
500 _aIncluye datos biográficos del autor en la contraportada
500 _aIncluye notas al pie de las páginas
504 _aIncluye referencias bibliográficas ( p. 209-214)
049 _aBNPD
999 _c18127
_d18127